¿Todos los negros toman café? Políticas públicas de cultura, equidad, raza y pobreza como condición cultural /
AEl autor propone una aproximación a la relación entre la desigualdad racial y las políticas públicas de cultura en Cuba. Entre las cuestiones que se analizan se encuentran: la participación de la población negra en el proyecto cultural cubano y su acceso a los circuitos y beneficios culturales, la...
Gardado en:
| Autor Principal: | |
|---|---|
| Formato: | Texto |
| Materias: | |
| Etiquetas: |
Engadir etiqueta
Sen Etiquetas, Sexa o primeiro en etiquetar este rexistro!
|
MARC
| LEADER | 00000 a a2200000 04500 | ||
|---|---|---|---|
| 001 | 41864 | ||
| 003 | |||
| 040 | |||
| 100 | |a Rodríguez Oliva, Lázaro I. | ||
| 245 | |a ¿Todos los negros toman café? Políticas públicas de cultura, equidad, raza y pobreza como condición cultural / |c Lázaro I. Rodríguez Oliva | ||
| 520 | |a AEl autor propone una aproximación a la relación entre la desigualdad racial y las políticas públicas de cultura en Cuba. Entre las cuestiones que se analizan se encuentran: la participación de la población negra en el proyecto cultural cubano y su acceso a los circuitos y beneficios culturales, la forma en que las políticas públicas cubanas contemplan las cuestiones raciales, y la intervención del Estado cubano en la superación de la pobreza como una condición cultural. Para ello, el autor parte de referentes teóricos seleccionados y de un recorrido por el panorama sociohistórico más reciente del país, hasta llegar a su actual coyuntura. En ésta se analizan dos dimensiones de las políticas culturales en relación con el problema racial: las políticas culturales universales y una política de identidad o de afirmación -el movimiento del Rap . A partir de todos esos factores, se presenta un conjunto de recomendaciones a las políticas de cultura, así como temas para la investigación académica. | ||
| 590 | |a RRA/MARZO2012 | ||
| 650 | |a 1.CULTURA | ||
| 650 | |a 2.POLITICA GUBERNAMENTAL | ||
| 650 | |a 3.DISCRIMINACION RACIAL | ||
| 650 | |a 4.DESIGUALDAD SOCIAL | ||
| 650 | |a 5.NEGROS | ||
| 650 | |a 6.CUBA | ||
| 773 | |g (2008), páginas 319-346 | ||
| 999 | |c 27104 |d 27104 | ||
